000 00285nam a22001337a 4500
003 SGT
082 _a612.015
_bA17G
100 _aGHANGHAS, URENDER SINGH
245 _aA STUDY OF HORMONAL PROFILE
260 _aSGTU
_c2017
300 _a65
650 _aBIOCHEMISTRY
942 _2ddc
_cTH
999 _c20543
_d20543